Evaluation of cellulose based stone mastic asphalt on a test section in pakistan (Record no. 551158)

000 -LEADER
fixed length control field 00587nam a22001457a 4500
082 ## - DEWEY DECIMAL CLASSIFICATION NUMBER
Classification number P-435(A)
Author Mark TC 1472 Asad Ali Raza Khan
100 ## - MAIN ENTRY--PERSONAL NAME
Personal name TC 1472 Asad Ali Raza Khan
9 (RLIN) 48129
245 ## - TITLE STATEMENT
Title Evaluation of cellulose based stone mastic asphalt on a test section in pakistan
Statement of responsibility, etc. TC 1472 Asad Ali Raza Khan, TC 1470 Muhammad Amir Hamza Khan
260 ## - PUBLICATION, DISTRIBUTION, ETC.
Place of publication, distribution, etc. Risalpur
Name of publisher, distributor, etc. TC 1472 Asad Ali Raza Khan
Date of publication, distribution, etc. c2010
300 ## - PHYSICAL DESCRIPTION
Extent 62 p. :
526 ## - STUDY PROGRAM INFORMATION NOTE
Program name 0
Interest level 0
Reading level 0
Title point value P_000000000000000_435A_TC_1472
526 ## - STUDY PROGRAM INFORMATION NOTE
Program name 0
Interest level 0
Reading level 0
Title point value P_000000000000000_435B_TC_1472
700 ## - ADDED ENTRY--PERSONAL NAME
Personal name Lt Col Kashif Ahmad Khan
9 (RLIN) 48130
942 ## - ADDED ENTRY ELEMENTS (KOHA)
Source of classification or shelving scheme
Koha item type Book
Holdings
Withdrawn status Lost status Source of classification or shelving scheme Damaged status Not for loan Permanent Location Current Location Date acquired Total Checkouts Full call number Barcode Date last seen Price effective from Koha item type Public note
          Military College of Engineering (MCE) Military College of Engineering (MCE) 12/04/2014   P-435(A) TC 1472 Asad Ali Raza Khan MCE-P-435-A 12/04/2014 03/14/2021 Book Project.
          Military College of Engineering (MCE) Military College of Engineering (MCE) 08/03/2018   P-435(B) TC 1472 Asad Ali Raza Khan MCE-P-435(B) 08/03/2018 08/03/2018 Book  
© 2023 Central Library, National University of Sciences and Technology. All Rights Reserved.